000 00368nam a2200145Ia 4500
008 191206s9999 xx 000 0 und d
020 _a869255576
090 _aPR2837A2H63
245 0 _aTwelfth night Or What you will
260 _aCollege Press
260 _bActors on Shakespeare
260 _cc1984
300 _a"vii, 66 p. ; 18 cm."
999 _c17222
_d17222